banner-ar

الثائرة / (Record no. 36502)

MARC details
000 -الفاتح
حقل البيانات ثابتة الطول 00511nam a2200193Ia 4500
008 - عناصر البيانات ثابتة الطول - معلومات عامة
حقل البيانات ثابتة الطول 140319s9999 xx 000 0 ara d
040 ## - مصدر الفهرسة
وكالة الفهرسة الأصلية GCL /
وكالة النسخ GCL
082 04 - رقم تصنيف ديوى العشرى
رقم التصنيف 843.081
رقم المادة ل ث
100 1# - المدخل الرئيسى - إسم شخصى
الإسم الشخصى لوران جوتييه
245 10 - بيان العنوان
العنوان الثائرة /
بيان المسئوليه,etc لوران جوتييه
700 1# - المدخل الاضافى - اسم شخصى
الإسم الشخصى يحيى الخشاب
300 ## - الوصف المادى
التعداد 200 ص
490 ## - بيان السلسلة
عنوان السلسلة
650 04 - المدخل الاضافى بالموضوع-مصطلح موضوعى
مصطلح موضوعي القصص التاريخية
650 04 - المدخل الاضافى بالموضوع-مصطلح موضوعى
مصطلح موضوعي حتشبسوت
942 ## - عناصر المدخل الإضافي( كوها)
مصدر التصنيف او مخطط الترفيف Dewey Decimal Classification
Koha [default] item type كتاب
260 ## - PUBLICATION, DISTRIBUTION, ETC. (IMPRINT)
-- [S.N] :
-- ميلاد الشوات
Holdings
حالة التراجع حالة الفقد حالة تلف ليس للاعارة المكان المؤقت الموقع الحالى تاريخ الاكتساب اجمالي اﻻعارات رقم الطلب الباركود تاريخ اخر مشاهدة تاريخ تفعيل السعر نوع وعاء كوها
        مكتبة القاهرة الكبرى مكتبة القاهرة الكبرى 03/26/2014   843.081\ل ث 88757 03/26/2014 03/26/2014 كتاب

Powered By

EGPV